Advances in Materials Science and Engineering

Na minha lista:
Detalhes bibliográficos
Formato: Periódico
Idioma:inglês
Publicado em: London Hindawi Limited
Tags: Adicionar Tag
Sem tags, seja o primeiro a adicionar uma tag!

MARC

LEADER 00000nas1a2200000 4500
001 0280505
005 20250701092114.2
022 |a 1687-8442 
022 |a 1687-8434 
041 0 |a eng 
044 |a GB 
245 1 0 |a Advances in Materials Science and Engineering 
264 1 |a London  |b Hindawi Limited 
500 |a Od 3/2023 je časopis vyradený z databázy Web of Science 
500 |a Posledná metrika IF a JCR kvartil v roku 2021